000 00266nam a22001097a 4500
008 240928b |||||||| |||| 00| 0 eng d
022 _a09708456
041 _aEng
245 _aVinimaya
260 _aPune
_bNational Institute Of Bank Management
_c2024
942 _cSR
_s1
999 _c41541
_d41541